[Event "74th POL-ch (w)"]
[Site "Kruszwica POL"]
[Date "2022.05.09"]
[Round "1"]
[White "Zawadzka, Jolanta"]
[Black "Cyfka, Karina"]
[Result "1/2-1/2"]
[WhiteElo "2409"]
[BlackElo "2404"]
[EventDate "2022.05.09"]
[Board "1"]
[PlyCount "93"]

1.e4 e5 2.Nf3 Nc6 3.Bc4 Nf6 4.d3 Bc5 5.O-O a6 6.a4 d6 7.c3 Ba7 8.Re1 h6 9.
Nbd2 O-O 10.h3 Re8 11.b4 Be6 12.Bxe6 Rxe6 13.Bb2 Nh7 14.b5 Ne7 15.d4 Ng6 
16.Nf1 Ng5 17.Nxg5 Qxg5 18.Bc1 Nf4 19.Bxf4 Qxf4 20.Ng3 exd4 21.cxd4 Rae8 
22.Ra3 Qf6 23.Rd3 axb5 24.axb5 g6 25.Qd2 Kh7 26.Kh2 R6e7 27.f4 Bb6 28.e5 
Qg7 29.Ne4 d5 30.Nf6+ Qxf6 31.exf6 Rxe1 32.h4 h5 33.f5 c6 34.fxg6+ fxg6 
35.Qf4 R1e4 36.Qd6 Rd8 37.Qg3 Rd7 38.Qf2 Rf7 39.g3 Re6 40.Rf3 Bd8 41.Kh3 
Rfxf6 42.Rxf6 Bxf6 43.b6 Kg7 44.Qf4 Re4 45.Qc7+ Re7 46.Qf4 Re4 47.Qc7+ 
1/2-1/2

[Event "74th POL-ch (w)"]
[Site "Kruszwica POL"]
[Date "2022.05.09"]
[Round "1"]
[White "Rudzinska, Michalina"]
[Black "Kulon, Klaudia"]
[Result "1-0"]
[WhiteElo "2236"]
[BlackElo "2305"]
[EventDate "2022.05.09"]
[Board "2"]
[PlyCount "99"]

1.e4 c5 2.c3 Nf6 3.e5 Nd5 4.Nf3 Nc6 5.Bc4 Nb6 6.Bb3 d5 7.exd6 Qxd6 8.O-O 
Bf5 9.d4 cxd4 10.Nxd4 Nxd4 11.cxd4 e6 12.Nc3 Be7 13.Qf3 Qd7 14.d5 e5 15.a4
a5 16.Qe3 Nc8 17.Qxe5 O-O 18.Qg3 Nd6 19.Bf4 Rac8 20.Rfe1 Nc4 21.Bxc4 Rxc4 
22.d6 Bf6 23.Nd5 Bxb2 24.Ra2 Bd4 25.Be5 Bg6 26.Qb3 Bxe5 27.Qxc4 Bxd6 28.
Rd2 Kh8 29.Red1 Bb8 30.Nf4 Qe7 31.Rd7 Qf6 32.Nxg6+ fxg6 33.Qd4 Be5 34.Qd2 
b6 35.Rd8 h5 36.Rxf8+ Qxf8 37.Qg5 Qf6 38.Qxf6 gxf6 39.Rd7 h4 40.h3 Kg8 41.
Kf1 Kf8 42.Ke2 Ke8 43.Rh7 g5 44.Kd3 Kd8 45.Kc4 Kc8 46.Kd5 Kb8 47.Rd7 b5 
48.axb5 a4 49.Kc6 a3 50.Rd8+ 1-0

[Event "74th POL-ch (w)"]
[Site "Kruszwica POL"]
[Date "2022.05.09"]
[Round "1"]
[White "Kubicka, Anna"]
[Black "Malicka, Maria"]
[Result "0-1"]
[WhiteElo "2245"]
[BlackElo "2377"]
[EventDate "2022.05.09"]
[Board "3"]
[PlyCount "104"]

1.e4 e6 2.d4 d5 3.e5 c5 4.c3 Nc6 5.Nf3 Qb6 6.a3 a5 7.Bd3 Bd7 8.Bc2 Qb5 9.
c4 dxc4 10.Nc3 Qa6 11.d5 exd5 12.Nxd5 O-O-O 13.Bd2 Nd4 14.Ng5 Nh6 15.Ne3 
f6 16.Ne4 f5 17.Nc3 Be6 18.f4 Nb3 19.Bxb3 cxb3 20.Qe2 Qxe2+ 21.Nxe2 b6 22.
O-O-O Be7 23.Bc3 Kc7 24.Rxd8 Rxd8 25.Rd1 Rxd1+ 26.Kxd1 Ng4 27.Nxg4 fxg4 
28.Ng3 g6 29.Nf1 Kc6 30.Ne3 a4 31.Be1 b5 32.Kc1 b4 33.Bd2 Kb5 34.g3 c4 35.
axb4 Bxb4 36.Bxb4 Kxb4 37.Nd1 a3 38.Kb1 a2+ 39.Ka1 Kc5 40.Nc3 Bf5 41.Ne2 
Bd7 42.Nc3 Bf5 43.Ne2 g5 44.fxg5 Kd5 45.Nc3+ Kxe5 46.Nb5 Bd3 47.Nc3 Kd4 
48.Nb5+ Ke3 49.Na3 c3 50.bxc3 Kd2 51.Kb2 a1=Q+ 52.Kxa1 Kc1 0-1

[Event "74th POL-ch (w)"]
[Site "Kruszwica POL"]
[Date "2022.05.09"]
[Round "1"]
[White "Antolak, Julia"]
[Black "Socko, Monika"]
[Result "0-1"]
[WhiteElo "2371"]
[BlackElo "2384"]
[EventDate "2022.05.09"]
[Board "4"]
[PlyCount "108"]

1.e4 e6 2.d4 d5 3.Nc3 Nf6 4.Bg5 dxe4 5.Nxe4 Be7 6.Bxf6 gxf6 7.g3 f5 8.Nc3 
Bf6 9.Nge2 Nc6 10.d5 Ne7 11.dxe6 Bxe6 12.Bg2 Qxd1+ 13.Rxd1 c6 14.O-O Rd8 
15.b3 Ng6 16.Na4 O-O 17.Nc5 Bc8 18.Nd3 Rd6 19.Nef4 Rfd8 20.Bf3 Kf8 21.Kg2 
b6 22.Kg1 a5 23.Nh5 Bc3 24.Ndf4 Bd4 25.Be2 b5 26.Kg2 Bb7 27.f3 Bc8 28.Rd2 
Bc3 29.Rxd6 Rxd6 30.Rd1 Ke7 31.Nd3 Bd4 32.f4 Bc3 33.Kf1 Be6 34.h3 Bd4 35.
Ne1 a4 36.g4 fxg4 37.hxg4 f5 38.Nf3 Be3 39.Rxd6 Kxd6 40.Nf6 fxg4 41.Ne4+ 
Ke7 42.Nfg5 Bf5 43.bxa4 bxa4 44.Ng3 Bxc2 45.Bxg4 Bxf4 46.N5e4 Ne5 47.Bc8 
a3 48.Nf5+ Kd8 49.Ned6 Nc4 50.Nxc4 Bd3+ 51.Kf2 Bxc4 52.Bb7 Kc7 53.Ba8 Bxa2
54.Nd4 Bc4 0-1

[Event "74th POL-ch (w)"]
[Site "Kruszwica POL"]
[Date "2022.05.09"]
[Round "1"]
[White "Majdan, Joanna"]
[Black "Kiolbasa, Oliwia"]
[Result "0-1"]
[WhiteElo "2325"]
[BlackElo "2375"]
[EventDate "2022.05.09"]
[Board "5"]
[PlyCount "46"]

1.e4 e5 2.Nf3 Nc6 3.Bb5 a6 4.Ba4 Nf6 5.O-O Nxe4 6.d4 b5 7.Bb3 d5 8.dxe5 
Be6 9.c3 Bc5 10.Nbd2 O-O 11.Bc2 Nxf2 12.Rxf2 f6 13.exf6 Bxf2+ 14.Kxf2 Qxf6
15.Nf1 Ne5 16.Be3 Rae8 17.Bd4 Bg4 18.Bxe5 Rxe5 19.Ng3 Qh6 20.Nf1 Bxf3 21.
gxf3 Rg5 22.Bd3 Qh4+ 23.Ke3 Rg2 0-1

[Event "74th POL-ch (w)"]
[Site "Kruszwica POL"]
[Date "2022.05.10"]
[Round "2"]
[White "Rudzinska, Michalina"]
[Black "Kubicka, Anna"]
[Result "1-0"]
[WhiteElo "2236"]
[BlackElo "2245"]
[EventDate "2022.05.09"]
[Board "1"]
[PlyCount "141"]

1.e4 c6 2.Nf3 d5 3.exd5 cxd5 4.Ne5 Nc6 5.d4 e6 6.Bb5 Bd7 7.Nxd7 Qxd7 8.c3 
Nf6 9.Nd2 Bd6 10.O-O a6 11.Bd3 e5 12.dxe5 Nxe5 13.Nf3 Nxd3 14.Qxd3 O-O 15.
Be3 Rad8 16.Bg5 Be7 17.Rad1 Ne4 18.Bxe7 Qxe7 19.Rfe1 Rfe8 20.Qc2 b5 21.Rd4
Qb7 22.Red1 h6 23.Qd3 Qb6 24.Ne1 Rd6 25.Nc2 Rf6 26.Rf1 Nc5 27.Qd2 Ne6 28.
Rg4 Qc5 29.Qe3 Qc8 30.Qg3 h5 31.Rh4 Qd8 32.f4 g6 33.f5 Ng7 34.Nd4 Qe7 35.
Rhf4 Qe5 36.fxg6 Rxg6 37.Qf2 f6 38.Rxf6 Rxf6 39.Qxf6 Qxf6 40.Rxf6 Re1+ 41.
Rf1 Re4 42.Rd1 Ne8 43.Kf2 Nf6 44.h3 Rf4+ 45.Kg3 Re4 46.Kf3 Kf7 47.Nc6 Ke6 
48.Nb4 Ke5 49.Nxa6 Rf4+ 50.Ke3 Re4+ 51.Kf2 Rf4+ 52.Kg1 Rf5 53.Nb4 Rg5 54.
Nc6+ Ke4 55.Nd4 Ke3 56.Nxb5 h4 57.Nd4 Rg8 58.Nf5+ Ke2 59.Rd4 Rb8 60.b3 Ra8
61.a4 Rb8 62.Rxh4 Ne4 63.c4 Rf8 64.cxd5 Nd2 65.Ng3+ Ke1 66.b4 Rd8 67.Rd4 
Rc8 68.d6 Rc2 69.Rf4 Rc6 70.Ne4 Rc4 71.Nc5 1-0

[Event "74th POL-ch (w)"]
[Site "Kruszwica POL"]
[Date "2022.05.10"]
[Round "2"]
[White "Malicka, Maria"]
[Black "Zawadzka, Jolanta"]
[Result "0-1"]
[WhiteElo "2377"]
[BlackElo "2409"]
[EventDate "2022.05.09"]
[Board "2"]
[PlyCount "252"]

1.e4 c5 2.Nf3 d6 3.c3 Nf6 4.Be2 Bd7 5.Qc2 Bc6 6.d3 g6 7.O-O Bg7 8.c4 O-O 
9.Nc3 Ne8 10.Bg5 h6 11.Be3 e5 12.Ne1 f5 13.exf5 gxf5 14.f4 Nd7 15.Bf3 Kh8 
16.Kh1 Rb8 17.Qd2 Qf6 18.Nc2 Nc7 19.Rae1 Ne6 20.fxe5 dxe5 21.Nd5 Bxd5 22.
Bxd5 Qg6 23.b4 b6 24.a3 Rbd8 25.bxc5 Ndxc5 26.Nb4 Nc7 27.Bxc5 bxc5 28.Nc6 
Rde8 29.Nxa7 Nxd5 30.cxd5 e4 31.Nb5 Be5 32.dxe4 fxe4 33.d6 Rd8 34.Rxf8+ 
Rxf8 35.d7 Qf6 36.Qe2 Qc6 37.Rd1 Rd8 38.Qh5 Bg7 39.a4 e3 40.Rd6 Qe4 41.
Rxh6+ Kg8 42.Nc3 Qf4 43.Qe8+ Qf8 44.Re6 Rxd7 45.Qxf8+ Kxf8 46.Rxe3 Bxc3 
47.g4 Rd1+ 48.Kg2 Bd4 49.Re2 c4 50.Kf3 c3 51.Ra2 Ke7 52.Ke2 Rg1 53.Kd3 
Rxg4 54.a5 Bf6 55.a6 Rg8 56.h4 Rd8+ 57.Kc4 Rc8+ 58.Kb3 Kd7 59.a7 Ra8 60.
Rf2 Bh8 61.h5 Kc6 62.Rf7 Kb6 63.Rh7 Ka6 64.Kc2 Rc8 65.Rc7 Ra8 66.Rh7 Bd4 
67.Rd7 Bxa7 68.Kxc3 Rh8 69.Rd5 Be3 70.Kd3 Bh6 71.Ke4 Bg7 72.Rd7 Bb2 73.Rd2
Bc3 74.Rd3 Bb4 75.Rh3 Rh6 76.Kf5 Kb5 77.Rh2 Be7 78.Re2 Rxh5+ 79.Kg6 Rg5+ 
80.Kh6 Bd8 81.Rd2 Rg8 82.Kh7 Re8 83.Kg6 Bc7 84.Rc2 Bd6 85.Kf5 Bc5 86.Rh2 
Kc6 87.Rh6+ Kd5 88.Ra6 Bb4 89.Kf4 Rf8+ 90.Kg4 Bc3 91.Ra3 Be5 92.Rf3 Rg8+ 
93.Kf5 Bd4 94.Rf4 Re8 95.Rf3 Re5+ 96.Kf4 Re8 97.Kf5 Be3 98.Kg6 Ke4 99.Kf7 
Ra8 100.Rf1 Bf4 101.Ke6 Ra6+ 102.Kd7 Be5 103.Rd1 Bd4 104.Ke7 Kd5 105.Kf7 
Rf6+ 106.Ke7 Rg6 107.Kf7 Rg7+ 108.Kf8 Ra7 109.Kg8 Ke5 110.Re1+ Kf6 111.
Rf1+ Kg6 112.Rf7 Ra8+ 113.Rf8 Ra3 114.Rf7 Rh3 115.Rg7+ Kf6 116.Rh7 Rg3+ 
117.Kf8 Ke6 118.Re7+ Kd6 119.Rh7 Rf3+ 120.Rf7 Rh3 121.Rf1 Ke6 122.Ke8 Bf6 
123.Re1+ Be5 124.Rf1 Bc3 125.Kd8 Be5 126.Kc8 Rb3 0-1

[Event "74th POL-ch (w)"]
[Site "Kruszwica POL"]
[Date "2022.05.10"]
[Round "2"]
[White "Cyfka, Karina"]
[Black "Antolak, Julia"]
[Result "0-1"]
[WhiteElo "2404"]
[BlackElo "2371"]
[EventDate "2022.05.09"]
[Board "3"]
[PlyCount "76"]

1.d4 Nf6 2.c4 e6 3.Nf3 Bb4+ 4.Nbd2 Be7 5.g3 c5 6.Bg2 Nc6 7.Nb3 cxd4 8.
Nfxd4 O-O 9.O-O Nxd4 10.Nxd4 d6 11.b3 a6 12.Bb2 Rb8 13.e4 e5 14.Nc2 b5 15.
cxb5 axb5 16.Qe2 Qb6 17.h3 Ba6 18.Rfd1 Rbc8 19.Rd2 Rc7 20.Kh2 Rfc8 21.Ne3 
b4 22.Qe1 g6 23.f4 Rc5 24.Rad1 Qb7 25.fxe5 dxe5 26.Nd5 Nxd5 27.exd5 Bd6 
28.Qf2 f5 29.Re1 Qc7 30.Qe3 Re8 31.Qg5 e4 32.Qf6 Bxg3+ 33.Kh1 Rc3 34.Red1 
Bd3 35.d6 Bxd6 36.Rxd3 Be5 37.Bxc3 Bxf6 38.Bxf6 exd3 0-1

[Event "74th POL-ch (w)"]
[Site "Kruszwica POL"]
[Date "2022.05.10"]
[Round "2"]
[White "Kulon, Klaudia"]
[Black "Kiolbasa, Oliwia"]
[Result "1/2-1/2"]
[WhiteElo "2305"]
[BlackElo "2375"]
[EventDate "2022.05.09"]
[Board "4"]
[PlyCount "76"]

1.e4 e5 2.Nf3 Nc6 3.d4 exd4 4.Nxd4 Bc5 5.Nb3 Bb6 6.Nc3 Nf6 7.Bg5 h6 8.Bh4 
d6 9.Bb5 Bd7 10.Qe2 g5 11.Bg3 Qe7 12.O-O-O O-O-O 13.a4 Rhe8 14.Bxc6 Bxc6 
15.a5 Bc5 16.Nxc5 dxc5 17.f3 Qe6 18.Bf2 Nd7 19.g4 Kb8 20.h4 b6 21.hxg5 
hxg5 22.Be3 f6 23.Rh6 Qf7 24.Rf1 Rh8 25.Qh2 Rxh6 26.Qxh6 Ne5 27.Kb1 Kb7 
28.Bc1 Ng6 29.Qh2 Qc4 30.Qf2 Ne5 31.Nd1 Qb5 32.Ne3 Qxa5 33.Rh1 Qb4 34.Rh6 
Rd6 35.Nf5 Rd1 36.Ne3 Rd6 37.Nf5 Rd1 38.Ne3 Rd6 1/2-1/2

[Event "74th POL-ch (w)"]
[Site "Kruszwica POL"]
[Date "2022.05.10"]
[Round "2"]
[White "Socko, Monika"]
[Black "Majdan, Joanna"]
[Result "0-1"]
[WhiteElo "2384"]
[BlackElo "2325"]
[EventDate "2022.05.09"]
[Board "5"]
[PlyCount "72"]

1.d4 c5 2.e3 Nf6 3.Nf3 g6 4.Bd3 Bg7 5.O-O O-O 6.a3 b6 7.c4 Bb7 8.d5 d6 9.
Nc3 e6 10.e4 Na6 11.Bg5 h6 12.Bd2 e5 13.Ne1 Ne8 14.f4 exf4 15.Bxf4 Nb8 16.
Nf3 Nd7 17.Qd2 Kh7 18.Rae1 Qe7 19.b4 cxb4 20.axb4 Ne5 21.Nb5 a6 22.Nbd4 
Rc8 23.Rc1 Nf6 24.Bxe5 dxe5 25.Nb3 Nd7 26.c5 bxc5 27.bxc5 Nxc5 28.Qb4 a5 
29.Nxa5 Bxd5 30.Bb1 Qa7 31.Kh1 Nxe4 32.Bxe4 Rxc1 33.Rxc1 Bxe4 34.Nxe5 Bxe5
35.Qxf8 Qf2 36.Rg1 Qf4 0-1

[Event "74th POL-ch (w)"]
[Site "Kruszwica POL"]
[Date "2022.05.11"]
[Round "3"]
[White "Kiolbasa, Oliwia"]
[Black "Socko, Monika"]
[Result "1/2-1/2"]
[WhiteElo "2375"]
[BlackElo "2384"]
[EventDate "2022.05.09"]
[Board "1"]
[PlyCount "67"]

1.e4 c6 2.d4 d5 3.e5 c5 4.dxc5 Nc6 5.Nf3 Bg4 6.Nbd2 e6 7.h3 Bh5 8.Nb3 Bxc5
9.Bd3 Bb6 10.Bf4 Nge7 11.Bh2 Bxf3 12.Qxf3 Ng6 13.Bxg6 hxg6 14.O-O Qg5 15.
Rfe1 O-O 16.Re2 Qf5 17.Qxf5 gxf5 18.c3 Rfd8 19.Rd1 a5 20.a4 d4 21.cxd4 Rd5
22.Red2 Rad8 23.Bf4 Nxd4 24.Nxd4 Bxd4 25.b3 Kf8 26.Kf1 R8d7 27.Rd3 Ke8 28.
Ke2 Kd8 29.Bg5+ Kc7 30.f4 Kc6 31.Bh4 b6 32.Be1 Rd8 33.Bh4 R8d7 34.Be1 
1/2-1/2

[Event "74th POL-ch (w)"]
[Site "Kruszwica POL"]
[Date "2022.05.11"]
[Round "3"]
[White "Majdan, Joanna"]
[Black "Cyfka, Karina"]
[Result "1/2-1/2"]
[WhiteElo "2325"]
[BlackElo "2404"]
[EventDate "2022.05.09"]
[Board "2"]
[PlyCount "76"]

1.e4 e5 2.Nf3 Nc6 3.Nc3 Nf6 4.Bb5 Nd4 5.Bc4 Bc5 6.d3 d6 7.Na4 b5 8.Nxd4 
bxc4 9.Nf5 Bxf5 10.exf5 cxd3 11.Nxc5 dxc5 12.cxd3 Qd5 13.O-O O-O 14.Bg5 
Nd7 15.Qg4 f6 16.Be3 Rfb8 17.b3 Rb4 18.Qf3 Qxf3 19.gxf3 a5 20.Rac1 a4 21.
Bxc5 Nxc5 22.Rxc5 axb3 23.axb3 Rxb3 24.Rxc7 Rxd3 25.Rb1 Kh8 26.Rbc1 h6 27.
f4 exf4 28.Rc8+ Rxc8 29.Rxc8+ Kh7 30.Rc4 f3 31.h3 h5 32.Kh2 Kh6 33.h4 Rd5 
34.Rf4 g5 35.fxg6 Kxg6 36.Kg3 Rd3 37.Ra4 Rd1 38.Kxf3 Rd3+ 1/2-1/2

[Event "74th POL-ch (w)"]
[Site "Kruszwica POL"]
[Date "2022.05.11"]
[Round "3"]
[White "Zawadzka, Jolanta"]
[Black "Rudzinska, Michalina"]
[Result "0-1"]
[WhiteElo "2409"]
[BlackElo "2236"]
[EventDate "2022.05.09"]
[Board "4"]
[PlyCount "120"]

1.e4 c6 2.d4 d5 3.Nd2 dxe4 4.Nxe4 Nf6 5.Nxf6+ exf6 6.c3 Bd6 7.Bd3 O-O 8.
Qc2 Re8+ 9.Be3 Bf4 10.Bxh7+ Kf8 11.Bd3 Bxe3 12.fxe3 Rxe3+ 13.Kf2 Re7 14.
Nf3 Bg4 15.Be4 Qd6 16.Rae1 Kg8 17.Bh7+ Kf8 18.Rxe7 Qxe7 19.Re1 Qd7 20.Nh4 
Na6 21.Qb3 g5 22.Nf3 Bxf3 23.Kxf3 Kg7 24.Bd3 Nc5 25.Qc2 Nxd3 26.Qxd3 Rh8 
27.h3 Qd5+ 28.Kg3 Qxa2 29.c4 Rh4 30.b3 Rf4 31.Qe3 Qa5 32.Kh2 Rxd4 33.Qxd4 
Qxe1 34.Qxa7 Qb4 35.Qe3 Qd6+ 36.g3 Kg6 37.Kg2 Qe5 38.Qd3+ f5 39.Kf3 c5 40.
Qb1 Qc3+ 41.Kg2 Qd2+ 42.Kf3 Qh2 43.b4 Qxh3 44.bxc5 g4+ 45.Kf4 Qh6+ 46.Ke5 
Qe3+ 47.Kd5 Qxg3 48.Qb6+ f6 49.Ke6 Qf3 50.Qd6 Qe4+ 51.Kd7 Qxc4 52.Kc8 Qe4 
53.Qf8 Qd5 54.Qd6 Qc6+ 55.Kb8 Kg5 56.Qe7 f4 57.Qg7+ Kh4 58.Qh7+ Kg3 59.
Qd3+ f3 60.Qe3 Kg2 0-1

[Event "74th POL-ch (w)"]
[Site "Kruszwica POL"]
[Date "2022.05.11"]
[Round "3"]
[White "Kubicka, Anna"]
[Black "Kulon, Klaudia"]
[Result "0-1"]
[WhiteElo "2245"]
[BlackElo "2305"]
[EventDate "2022.05.09"]
[Board "5"]
[PlyCount "80"]

1.d4 f5 2.g3 Nf6 3.Bg2 d6 4.Nf3 g6 5.O-O Bg7 6.c4 c6 7.Nc3 O-O 8.Re1 a5 9.
Qc2 Na6 10.a3 Nc7 11.e4 fxe4 12.Nxe4 Bf5 13.Nh4 Bxe4 14.Bxe4 Nxe4 15.Qxe4 
e6 16.Qg4 e5 17.Be3 Qc8 18.Qxc8 Raxc8 19.dxe5 dxe5 20.Rad1 Ne6 21.Bb6 a4 
22.f4 c5 23.fxe5 g5 24.Ng2 Nd4 25.Kh1 Nf3 26.Re2 Bxe5 27.Ne1 Bd4 28.Nd3 
Rc6 29.Ba5 Rd6 30.Kg2 Bg7 31.Nf2 Nd4 32.Re4 h5 33.h3 Nf5 34.Rde1 Bxb2 35.
Rb1 Bd4 36.Re2 Ne3+ 37.Kh2 Nxc4 38.Be1 b6 39.Ra2 Bxf2 40.Bxf2 Nd2 0-1

[Event "74th POL-ch (w)"]
[Site "Kruszwica POL"]
[Date "2022.05.12"]
[Round "4"]
[White "Kubicka, Anna"]
[Black "Zawadzka, Jolanta"]
[Result "1/2-1/2"]
[WhiteElo "2245"]
[BlackElo "2409"]
[EventDate "2022.05.09"]
[Board "1"]
[PlyCount "110"]

1.Nf3 Nf6 2.g3 d5 3.Bg2 e6 4.O-O Be7 5.d4 O-O 6.c4 c6 7.Qc2 b6 8.b3 Nbd7 
9.Rd1 Ba6 10.Nbd2 b5 11.e4 bxc4 12.e5 Ne4 13.Nxe4 dxe4 14.Qxe4 Rc8 15.Qg4 
Kh8 16.Bg5 Nb6 17.Bf1 h6 18.Bxe7 Qxe7 19.Nd2 c5 20.Nxc4 Nxc4 21.Bxc4 Bxc4 
22.bxc4 cxd4 23.Rxd4 Rc5 24.Qe4 Qc7 25.f4 Qa5 26.Qc2 g6 27.Rad1 Kg7 28.Kg2
Rfc8 29.Kh3 Qa6 30.Rc1 R8c6 31.Qe2 Ra5 32.Rc2 Rac5 33.Qd3 Rc8 34.Rd6 Qa4 
35.Qb3 Qa5 36.Rd7 Qe1 37.Qd3 a5 38.Rb2 R5c7 39.Rxc7 Rxc7 40.Kg2 Qc1 41.Rc2
Qb1 42.Qe2 Rc5 43.Qf2 Qb7+ 44.Qf3 Qb1 45.Qb3 Qe1 46.Qd3 Qb1 47.Qe2 Qb7+ 
48.Kh3 Qb1 49.Rc3 Qg1 50.Qg2 Qd4 51.Qc2 Qg1 52.Qc1 Qf2 53.Qc2 Qg1 54.Rf3 
Qd4 55.Rc3 Qg1 1/2-1/2

[Event "74th POL-ch (w)"]
[Site "Kruszwica POL"]
[Date "2022.05.12"]
[Round "4"]
[White "Rudzinska, Michalina"]
[Black "Antolak, Julia"]
[Result "0-1"]
[WhiteElo "2236"]
[BlackElo "2371"]
[EventDate "2022.05.09"]
[Board "2"]
[PlyCount "80"]

1.e4 e5 2.Bc4 Nf6 3.d3 c6 4.Nf3 d5 5.Bb3 Bd6 6.Nc3 h6 7.exd5 cxd5 8.Bxd5 
Nxd5 9.Nxd5 O-O 10.O-O Nc6 11.h3 f5 12.Nc3 Qf6 13.Nh2 b6 14.Ne2 Bb7 15.f4 
Rae8 16.c3 Kh7 17.fxe5 Nxe5 18.b3 Ng6 19.d4 Nh4 20.Rf2 Qg6 21.d5 Bc5 22.
Nd4 Bxd5 23.Qf1 Nxg2 24.Rxg2 Bxg2 25.Qxg2 Bxd4+ 26.cxd4 Re1+ 27.Nf1 Qxg2+ 
28.Kxg2 Rc8 29.Bb2 Re2+ 30.Kf3 Rxb2 31.Ne3 g6 32.Rd1 Rd8 33.d5 Rxa2 34.d6 
b5 35.Kf4 Kg7 36.Ke5 Kf7 37.Rc1 Re2 38.Rc7+ Kf8 39.Kf4 Rxd6 40.Rxa7 Rd3 
0-1

[Event "74th POL-ch (w)"]
[Site "Kruszwica POL"]
[Date "2022.05.12"]
[Round "4"]
[White "Malicka, Maria"]
[Black "Majdan, Joanna"]
[Result "1-0"]
[WhiteElo "2377"]
[BlackElo "2325"]
[EventDate "2022.05.09"]
[Board "3"]
[PlyCount "65"]

1.e4 c5 2.Nf3 Nc6 3.d4 cxd4 4.Nxd4 Nf6 5.Nc3 d6 6.g3 g6 7.Nde2 Bg7 8.Bg2 
O-O 9.O-O Be6 10.Nd5 Rc8 11.h3 Ne5 12.Be3 Nc4 13.Bd4 Bxd5 14.exd5 Qa5 15.
a4 Nb6 16.c3 Qa6 17.Re1 Qc4 18.b3 Qc7 19.a5 Nbd7 20.Nf4 Rfe8 21.c4 a6 22.
h4 Nf8 23.Bh3 N6d7 24.h5 Bxd4 25.Qxd4 Ne5 26.Kg2 e6 27.h6 Qc5 28.Qb2 exd5 
29.Bxc8 dxc4 30.Bxb7 Rb8 31.bxc4 g5 32.Nd5 Nfg6 33.Nf6+ 1-0

[Event "74th POL-ch (w)"]
[Site "Kruszwica POL"]
[Date "2022.05.12"]
[Round "4"]
[White "Cyfka, Karina"]
[Black "Kiolbasa, Oliwia"]
[Result "1/2-1/2"]
[WhiteElo "2404"]
[BlackElo "2375"]
[EventDate "2022.05.09"]
[Board "4"]
[PlyCount "61"]

1.d4 d5 2.c4 e6 3.Nc3 Nf6 4.Nf3 dxc4 5.Qa4+ Nc6 6.Qxc4 Nb4 7.Nb5 c6 8.Na3 
b5 9.Qb3 Ne4 10.g3 Nd5 11.Qd3 Bb4+ 12.Nd2 Nxd2 13.Bxd2 Qa5 14.Bg2 O-O 15.
Nc2 Bxd2+ 16.Qxd2 Qxd2+ 17.Kxd2 Rd8 18.Rhd1 Bb7 19.Ke1 Kf8 20.Rac1 a5 21.
e4 Nb6 22.Ne3 Rac8 23.Rc2 c5 24.Rxc5 Rxc5 25.dxc5 Rxd1+ 26.Nxd1 Na4 27.f3 
Nxc5 28.Bf1 Bc6 29.Kd2 Ke7 30.Ke3 e5 31.Nc3 1/2-1/2

[Event "74th POL-ch (w)"]
[Site "Kruszwica POL"]
[Date "2022.05.12"]
[Round "4"]
[White "Kulon, Klaudia"]
[Black "Socko, Monika"]
[Result "1-0"]
[WhiteElo "2305"]
[BlackElo "2384"]
[EventDate "2022.05.09"]
[Board "5"]
[PlyCount "137"]

1.c4 e5 2.Nc3 Nc6 3.g3 g6 4.Bg2 Bg7 5.e3 d6 6.Nge2 Be6 7.d4 Bxc4 8.d5 Bxe2
9.Qxe2 Nb8 10.Qb5+ Nd7 11.Qxb7 Ne7 12.O-O O-O 13.e4 Nc5 14.Qb5 f5 15.Bg5 
Rb8 16.Qe2 f4 17.Rab1 a5 18.Qc2 Qd7 19.Bxe7 Qxe7 20.Na4 Nxa4 21.Qxa4 Bh6 
22.a3 Ra8 23.Rfd1 Qf6 24.Qc2 Bg5 25.Rd3 h5 26.Rc3 Ra7 27.Bh3 Qg7 28.Be6+ 
Kh8 29.g4 f3 30.Kh1 Qf6 31.gxh5 c5 32.Rg1 Rh7 33.Bg4 Bf4 34.Rxf3 Rg8 35.
Rh3 gxh5 36.Bf5 Rxg1+ 37.Kxg1 Rg7+ 38.Kf1 Qg5 39.Qb3 Rg8 40.Qb7 Qh6 41.Qf7
h4 42.Qe6 Qg5 43.Qxd6 Bxh2 44.Qxc5 Qh5 45.f3 Bg3 46.Ke2 Qg5 47.d6 Qf6 48.
Qa7 Qh6 49.Qe7 Rb8 50.b4 axb4 51.d7 Qa6+ 52.Kd2 Qh6+ 53.Kd1 bxa3 54.d8=R+ 
Rxd8+ 55.Qxd8+ Kg7 56.Qe7+ Kh8 57.Qxa3 Kg8 58.Qa8+ Kf7 59.Qb7+ Kf8 60.Ke2 
Qd6 61.Qc8+ Ke7 62.Rh1 Qb6 63.Qd7+ Kf6 64.Rd1 Qf2+ 65.Kd3 Qxf3+ 66.Kc2 
Qe2+ 67.Kb1 Qc4 68.Qd8+ Kg7 69.Rd7+ 1-0

[Event "74th POL-ch (w)"]
[Site "Kruszwica POL"]
[Date "2022.05.13"]
[Round "5"]
[White "Majdan, Joanna"]
[Black "Rudzinska, Michalina"]
[Result "0-1"]
[WhiteElo "2325"]
[BlackElo "2236"]
[EventDate "2022.05.09"]
[Board "1"]
[PlyCount "84"]

1.e4 c6 2.Nc3 d5 3.Nf3 Bg4 4.h3 Bxf3 5.Qxf3 e6 6.Be2 Nf6 7.exd5 cxd5 8.
Bb5+ Nc6 9.Bxc6+ bxc6 10.d4 Qb6 11.Qd3 Bd6 12.O-O O-O 13.Na4 Qb5 14.b3 e5 
15.Be3 e4 16.Qd2 Nh5 17.g4 Nf6 18.Nc5 Rad8 19.a4 Qb8 20.Bg5 Bxc5 21.dxc5 
Qe5 22.Qf4 Qc3 23.Qe3 Qxc2 24.Bxf6 gxf6 25.Qd4 Rde8 26.Qxf6 Re6 27.Qg5+ 
Rg6 28.Qe3 f5 29.f3 Rb8 30.fxe4 Rxb3 31.Qf2 Qxf2+ 32.Kxf2 fxe4 33.Rab1 
Rxh3 34.Rb8+ Kg7 35.Rb7+ Kh6 36.Rxa7 Rxg4 37.Rc7 e3+ 38.Ke1 Rxa4 39.Rxc6+ 
Kg5 40.Rg1+ Kf5 41.Ke2 Ra2+ 42.Kd3 e2+ 0-1

[Event "74th POL-ch (w)"]
[Site "Kruszwica POL"]
[Date "2022.05.13"]
[Round "5"]
[White "Antolak, Julia"]
[Black "Kubicka, Anna"]
[Result "1-0"]
[WhiteElo "2371"]
[BlackElo "2245"]
[EventDate "2022.05.09"]
[Board "2"]
[PlyCount "209"]

1.e4 e5 2.Nf3 Nc6 3.Bc4 Bc5 4.c3 Nf6 5.d4 exd4 6.e5 d5 7.Bb5 Ne4 8.cxd4 
Bb4+ 9.Bd2 Nxd2 10.Nbxd2 O-O 11.Bxc6 bxc6 12.O-O c5 13.dxc5 Bxc5 14.Qc2 
Qe7 15.Rac1 Bb6 16.Qc6 Be6 17.Nb3 Rad8 18.Nfd4 Bc8 19.Rfe1 Qh4 20.Rcd1 Bd7
21.Qc2 Qh5 22.Nc5 Bg4 23.f3 Bc8 24.Kh1 Qg6 25.Qc3 Bxc5 26.Qxc5 Qb6 27.Rc1 
Qxb2 28.Nc6 Rde8 29.Rc2 Qb6 30.Ne7+ Kh8 31.Nxd5 Qg6 32.Nxc7 Rd8 33.Nb5 a6 
34.Nd6 Bf5 35.Rd2 h6 36.Red1 Rb8 37.Qa7 Qe6 38.Kg1 Bg6 39.Qd4 Bb1 40.a3 
Bg6 41.f4 f6 42.Qc4 Qxc4 43.Nxc4 Bh5 44.Re1 fxe5 45.fxe5 Bf7 46.Nd6 Be6 
47.Ne4 Rb5 48.Nd6 Rb3 49.a4 Rb4 50.Ne4 a5 51.Rd6 Bf5 52.Ng3 Bc2 53.e6 Bxa4
54.e7 Re8 55.Nf5 Rf4 56.Re5 Kh7 57.Rd8 Rxf5 58.Rxf5 Rxe7 59.Rxa5 Bc6 60.
Rd2 Rf7 61.h3 Re7 62.Rc5 Bb7 63.Rdc2 Ba8 64.Kh2 Rd7 65.Rc8 Be4 66.R2c4 Re7
67.R8c7 Re6 68.Ra7 Bd5 69.Rg4 Rg6 70.Rxg6 Kxg6 71.Kg3 Be4 72.Ra6+ Kf7 73.
Kf2 Bd3 74.Rb6 Be4 75.g3 Bf5 76.h4 Bc2 77.Ke3 Bf5 78.Kf4 Bd3 79.Ke5 Be2 
80.Rb7+ Kg6 81.Rc7 Bd1 82.Ra7 Be2 83.Ke6 Bd1 84.Ra5 Bc2 85.Ke7 Kh7 86.Kf8 
Kh8 87.Ra7 g6 88.Kf7 g5 89.hxg5 hxg5 90.Ra5 Bb3+ 91.Kf6 g4 92.Rh5+ Kg8 93.
Rg5+ Kh8 94.Rxg4 Bc2 95.Rc4 Bd3 96.Rc7 Be2 97.Kg6 Bd3+ 98.Kh6 Bf5 99.Rf7 
Be6 100.Re7 Bc4 101.g4 Kg8 102.g5 Kf8 103.Rc7 Be6 104.g6 Kg8 105.Re7 1-0

[Event "74th POL-ch (w)"]
[Site "Kruszwica POL"]
[Date "2022.05.13"]
[Round "5"]
[White "Socko, Monika"]
[Black "Cyfka, Karina"]
[Result "1-0"]
[WhiteElo "2384"]
[BlackElo "2404"]
[EventDate "2022.05.09"]
[Board "3"]
[PlyCount "111"]

1.d4 Nf6 2.c4 e6 3.g3 d5 4.Bg2 dxc4 5.Nf3 a6 6.O-O Nc6 7.Nbd2 b5 8.b3 c3 
9.Nb1 Rb8 10.Nxc3 Bb7 11.Bg5 Be7 12.Rc1 O-O 13.e4 b4 14.Bxf6 Bxf6 15.Ne2 
a5 16.Qc2 Nxd4 17.Nexd4 Bxd4 18.Nxd4 Qxd4 19.Rfd1 Qa7 20.Qxc7 Rbc8 21.Qe7 
Rce8 22.Qg5 Qa8 23.Rc5 Bxe4 24.Rxa5 Qb7 25.Rb5 Qa8 26.Bxe4 Qxe4 27.Qd2 Qa8
28.Ra1 Rd8 29.Qxb4 Rd7 30.Re5 Rfd8 31.Qe1 Qf3 32.Re3 Qh5 33.Qe2 Qc5 34.Qe1
Qh5 35.Qe2 Qc5 36.a4 Rd2 37.Qf3 h6 38.Rae1 Rc2 39.Re5 Qb4 40.R5e4 Qa5 41.
Rd1 Rxd1+ 42.Qxd1 Rd2 43.Qf3 Rb2 44.Kg2 Qb6 45.Re3 g6 46.Rd3 Kg7 47.h4 e5 
48.a5 Qc5 49.Rd7 Rxf2+ 50.Qxf2 Qc6+ 51.Kh2 Qxd7 52.a6 e4 53.a7 Qe8 54.Qd4+
Kh7 55.Qd5 Qc8 56.a8=Q 1-0

[Event "74th POL-ch (w)"]
[Site "Kruszwica POL"]
[Date "2022.05.13"]
[Round "5"]
[White "Zawadzka, Jolanta"]
[Black "Kulon, Klaudia"]
[Result "1-0"]
[WhiteElo "2409"]
[BlackElo "2305"]
[EventDate "2022.05.09"]
[Board "4"]
[PlyCount "117"]

1.e4 c5 2.Nf3 Nc6 3.d4 cxd4 4.Nxd4 e5 5.Nb5 d6 6.c4 g6 7.Bd3 Nf6 8.O-O a6 
9.N5c3 Bg7 10.Na3 Be6 11.Nc2 Rc8 12.Nd5 Bxd5 13.cxd5 Nd4 14.Nxd4 exd4 15.
Bg5 h6 16.Bh4 Qa5 17.f4 O-O 18.Qf3 Qb6 19.b3 Nd7 20.Rad1 Rfe8 21.Kh1 Qa5 
22.Bb1 Rc3 23.Qg4 Qc7 24.Rd2 h5 25.Qd1 Rc8 26.h3 Bh6 27.Qe2 Rc1 28.Rdd1 
Rxd1 29.Qxd1 Qc3 30.Be1 Qc1 31.Bd2 Qxd1 32.Rxd1 h4 33.Kg1 f6 34.Kf2 Kg7 
35.Kf3 g5 36.Bb4 gxf4 37.Bxd6 Ne5+ 38.Kf2 Kf7 39.Bxe5 fxe5 40.Bd3 Ke7 41.
Bc4 Kd6 42.Kf3 Rg8 43.Be2 Rg3+ 44.Kf2 f3 45.Bxf3 Be3+ 46.Ke2 Rg7 47.Rf1 
Rc7 48.Bh5 Bf4 49.Kf3 Rc2 50.Rf2 d3 51.Rf1 Rxa2 52.Rd1 d2 53.Kg4 Bg3 54.
Rf1 Bf2 55.Kg5 a5 56.Rxf2 d1=Q 57.Rf6+ Ke7 58.Re6+ Kd7 59.Bxd1 1-0